cycling monuments 2025 - Top 5 - Statistieken

Algemene statistieken
  • Deze quiz is 23 keer genomen
    22 sinds de laatste reset
  • De gemiddelde score is 15 van 25
Antwoordstatistieken
Milano-sanremo % Correct
1 Mathieu Van der Poel
100%
3 Mathieu Van der Poel
100%
1 Mathieu Van der Poel
100%
3 Tadej Pogacar
100%
1 Tadej Pogacar
100%
2 Tadej Pogacar
100%
1 Tadej Pogacar
100%
1 Tadej Pogacar
100%
4 Wout Van Aert
95%
4 Wout Van Aert
95%
2 Filippo Ganna
90%
2 Mads Pedersen
90%
3 Mads Pedersen
90%
2 Remco Evenepoel
90%
5 Jasper Stuyven
50%
3 Ben Healy
30%
5 Florian Vermeersch
25%
2 Guilio Ciccone
25%
5 Isaac del Torro
25%
4 Quinn SImmons
15%
4 Michael Mathews
10%
5 Kaden Groves
5%
5 Thibeau Nys
5%
3 Michael Storer
0%
4 Simone Velasco
0%
Geen overeenkomende quizzen gevonden
Scoreverdeling
Procent van Mensen met Elke Score
Percentiel versus Aantal Correcte Antwoorden
Uw Scoregeschiedenis
U heeft deze quiz nog niet genomen sinds de laatste reset